LEADER 01222nam a2200289 u 4500 001 000000108334 003 CaOOAMICUS 005 20071121122945.0 008 071121s1994 it u000 u ita u 020 $a88-14-04519-4 040 $aPUL$bita$dLDB 100 1 $aCinelli, Maurizio.$0(OLS)http://pul/name/66418 245 10$aDiritto della previdenza sociale /$cMaurizio Cinelli. 250 $a2. ed. 260 $aMilano :$bGiuffrè,$c1994. 300 $axv, 451 p. ;$c23 cm. 490 1 $aPiccola biblioteca Giuffrè.$aTesti di prepazione giuridica ed economica 500 $aContiene indici. 504 $aBibliografia: p. [415]-423. 650 4$aPrevidenza sociale.$0(OLS)http://pul/subject/28663 830 0$aPiccola biblioteca Giuffrè.$pTesti di prepazione giuridica ed economica.$0(OLS)http://pul/title/53563 850 $aPUL 852 $aPUL$W1$xSL Diritto e Scienze Sociali 1$y4$m176 D 84$j123424$qStampati$B122366$CPULBib$Z2$F122366 $H73467 $82 941 1 $a8 996 $6020$a88-14-04519-4$9(OLS)http://pul/number/136297 996 $6245$aDiritto della previdenza sociale$9(OLS)http://pul/title/136330 996 $6260$aMilano :$bGiuffrè$9(OLS)http://pul/publisher/48401 LEADER 01749namaa2200397 i 4500 001 000000177466 003 CaOOAMICUS 005 20241216111423.0 007 tu 008 241216s2024 it 000 u ita r 020 $a978-88-288-4832-5* 040 $aPUL$bita$erda 082 0 $a346.45015 245 00$aCodice della disciplina privacy /$cdiretto da Luca Bolognini, Enrico Pelino ; commentato e aggiornato online con I.M. Alagna ... [et al.]. 250 $a[2.ed.] 264 4$c©2024. 264 1$aMilano :$bGiuffrè,$c[2024] 300 $aLI, 1668 pagine ;$c25 cm 336 $atesto$btxt$2rdacontent 337 $asenza mediazione$bn$2rdamedia 338 $avolume$bnc$2rdacarrier 490 1 $aI codici commentati Giuffrè ;$v 650 4$aDiritto alla riservatezza$zItalia.$0(OLS)http://pul/subject/33814 700 1 $aBolognini, Luca,$d1979-,$edirettore di pubblicazione.$0(OLS)http://pul/name/99290 700 1 $aAlagna, Ilenia Maria,$ecuratore.$0(OLS)http://pul/name/114158 700 1 $aPelino, Enrico,$d1973-,$edirettore di pubblicazione.$0(OLS)http://pul/name/114157 830 2$aI codici commentati (Giuffrè).$0(OLS)http://pul/title/192430 850 $aPUL 852 $aPUL$W1$xSL Diritto e Scienze Sociali 3$y79$m348. 45 COD 5.60$j201420$qDDC 21$B206440$CPULBib$Z2$F206440 $H137549 $82 941 1 $a9 996 $6020$a978-88-288-4832-5*$9(OLS)http://pul/number/170137 996 $6082$a346.45015$9(OLS)http://pul/classification/1901 996 $6245$aCodice della disciplina privacy$9(OLS)http://pul/title/218983 996 $6264$aMilano :$bGiuffrè$9(OLS)http://pul/publisher/48401 996 $6264$a[S.l.] :$b[s.n.]$9(OLS)http://pul/publisher/0